LEADER 01027cam0 22002531 450 001 SOBE00020835 005 20111219091845.0 100 $a20111219h2004 |||||ita|0103 ba 101 $aita 102 $aIT 200 1 $a<>problema dell'arte nella sociologia contemporanea$ebrevi note su Uber menschen. Zur zukunft des humanen, a cura di A.Dietrich, J.Draganovic, J.H. Ulbricht$fTito Marci 210 $aRoma$cGangemi$d[2004?] 215 $a67-78 p.$d29 cm 300 $aEstratto da : Sociologia, rivista quadrimestrale di scienze storiche e sociali, a.38, n.3 (2004) 700 1$aMarci$b, Tito$3SOBA00000065$4070$0290327 801 0$aIT$bUNISOB$c20111219$gRICA 850 $aUNISOB 852 $aUNISOB$j300|Opusc$m155162 912 $aSOBE00020835 940 $aM 102 Monografia moderna SBN 941 $aM 957 $a300|Opusc$b000064$gSI$d155162$rdono$1catenacci$2UNISOB$3UNISOB$420111219091921.0$520111219092003.0$6catenacci 996 $aProblema dell'arte nella sociologia contemporanea$91719849 997 $aUNISOB